Football League Clubs By Motto On Crest - Statistics

General Stats
  • This quiz has been taken 3 times
  • The average score is 2 of 15
Answer Stats
Motto Answer % Correct
You'll never walk alone Liverpool
100%
Nil satis nisi optimum Only the best is good enough Everton
67%
Arte et labore By skill and hard work Blackburn Rovers
33%
Consectatio excellentiae In pursuit of excellence Sunderland
33%
Industry and prudence conquer Accrington Stanley
0%
Spectemur agendo Let us be judged by our acts Barnsley
0%
Progress Blackpool
0%
Noli cedere Do not yield Crawley Town
0%
Semper fidelis Always loyal Exeter City
0%
Upon this rock Peterborough United
0%
Consilio et animis By wisdom and courage Sheffield Wednesday
0%
Floreat Salopia May Shropshire flourish Shrewsbury Town
0%
Salubritas et industria Health and industry Swindon Town
0%
Ubi fides ibi lux et robur Where there is faith, there is light and strength Tranmere Rovers
0%
Ich dien I serve Wrexham
0%
No matching quizzes found
Score Distribution
Percent of People with Each Score
Percentile by Number Answered
Your Score History
You have not taken this quiz